Un joueur avec ses 3 premiers clubs 6 (Edition CAN) - Statistiques

Statistiques générales
  • Ce quiz a été pris 28 fois
  • Le résultat moyen est 3 sur 10
Statistiques - réponses
Activité Club 1 Club 2 Club 3 Joueur % Correct
1997-2019 Real Madrid Majorque Barcelone Eto'o
93%
2005-... Beveren Le mans Losc Gervinho
64%
2013-... Espanyol Barcelone Villareal Manchester united Bailly
46%
2014-... Arles-Avignon Arsenal Empoli Bennacer
32%
2011-... Cherbourg Marseille Reims Mendy
32%
2009-... Coton Sport Garoua Valencienne Lorient Aboubakar
25%
2001-2019 Beveren Metalurk Dontesk Olympiakos Yaya Touré
11%
1991-2008 VfB Borussia Neunkirchen Francfort Fenerbahce Okocha
7%
2011-... Union Douala Dinamo Bucarest Standard de Liège Fai
4%
2007-... Crystal Palace Wigan Chelsea Moses
4%
Aucun quiz correspondant
Distribution des résultats
% des personnes avec chaque résultat
Percentile par nombre de réponses
Votre historique - résultats
Vous n’avez pas pris ce quiz